Scritti pedagogici / (Record no. 155275)

MARC details
000 -LEADER
campo de control de longitud fija 01022nam a22002535i 4500
001 - NÚMERO DE CONTROL
campo de control 155275
003 - IDENTIFICADOR DE NÚMERO DE CONTROL
campo de control ES-MaACL
005 - FECHA Y HORA DE LA ÚLTIMA TRANSACCIÓN
campo de control 20250828004909.0
008 - DATOS DE LONGITUD FIJA--INFORMACIÓN GENERAL
campo de control de longitud fija 040720q18911900it |||| | ita d
040 ## - FUENTE DE CATALOGACIÓN
Centro catalogador/agencia de origen CAM
Lengua de catalogación spa
Centro/agencia transcriptor CAM
100 1# - ENTRADA PRINCIPAL--NOMBRE DE PERSONA
Nombre de persona Herder, Johann Gottfried von.
9 (RLIN) 127872
245 10 - MENCIÓN DEL TÍTULO
Título Scritti pedagogici /
Mención de responsabilidad, etc. Giovanni Goffredo Herder ; tradotti e riassunti da Gemma Harasim...
260 ## - PUBLICACIÓN, DISTRIBUCIÓN, ETC.
Lugar de publicación, distribución, etc. Milano ;
-- Palermo ;
-- Napoli :
Nombre del editor, distribuidor, etc. Remo Sandron, editore,
Fecha de publicación, distribución, etc. [s.a.]
300 ## - DESCRIPCIÓN FÍSICA
Extensión VIII, 201 p. ;
Dimensiones 19 cm.
490 1# - MENCIÓN DE SERIE
Mención de serie Pedagogisti ed educatori antichi e moderni / collezione diretta da Giuseppe Lombardo-Radice
596 ## - NOTA AL PIE DE IMPRENTA
NOTA AL PIE DE IMPRENTA La actividad del editor parece que se sitúa ca. 1891-1900.
650 07 - PUNTO DE ACCESO ADICIONAL DE MATERIA--TÉRMINO DE MATERIA
Término de materia o nombre geográfico como elemento de entrada Pedagogía
Fuente del encabezamiento o término embne
9 (RLIN) 15904
700 1# - ENTRADA AGREGADA--NOMBRE PERSONAL
Nombre de persona Harasim, Gemma.
9 (RLIN) 127784
752 ## - ENTRADA AGREGADA--NOMBRE JERÁRQUICO DEL LUGAR
País o entidad superior Italia -
Jurisdicción política intermedia Milán
752 ## - ENTRADA AGREGADA--NOMBRE JERÁRQUICO DEL LUGAR
País o entidad superior Italia -
Jurisdicción política intermedia Nápoles
830 0# - PUNTO DE ACCESO ADICIONAL DE SERIE-TÍTULO UNIFORME
Título uniforme Pedagogisti ed educatori antichi e moderni / collezione diretta da Giuseppe Lombardo-Radice
9 (RLIN) 188605
852 ## - LOCALIZACIÓN
Ubicación ES-MaACL
Número de control de estantería D-693
Nota libre - Rúst.
Holdings
Estatus retirado Estado de pérdida Estado de daño No para préstamo Biblioteca de origen Biblioteca actual Ubicación en estantería Fecha de adquisición Fuente de adquisición Total de préstamos Signatura topográfica completa Código de barras Visto por última vez Precio de reemplazo Tipo de ítem Koha
        Biblioteca del Ateneo de Madrid Biblioteca del Ateneo de Madrid Sala Valle Inclán 17/01/2008     D-693 901162426 23/02/2023 23/02/2023 Libro impreso